000 00270nam a2200109Ia 4500
008 190914s9999||||xx |||||||||||||| ||und||
100 _aMah.Abdul Ghani
245 0 _aLabour and Industrial Jurisprudence
260 _aIndia
_bS. Chand
_c2003
300 _a250
942 _cBK
999 _c10125
_d10125